000 00353nam a2200145 i 4500
001 bg
100 1 _aLOBER, CH.
245 0 _aMikrokomputer w technice pomiarowej /
_cCh.Lober,Gunter W.Will.
260 _aWarszawa,
_c1989.
700 1 _aWILL, Gunter W.
040 _cBPK
041 _apol
942 _cKS
008 s pl f |000 0 pol
999 _c28673
_d28673
856 _uhttp://koha.tu.koszalin.pl/cgi-bin/koha/opac-detail.pl?biblionumber=28673
_yKatalog online BPK